Newton para principiantes
Guardat en:
| Autor principal: | |
|---|---|
| Format: | Llibre |
| Idioma: | Spanish |
| Publicat: |
Buenos Aires, Argentina
Era Naciente
1995
|
| Matèries: | |
| Etiquetes: |
Afegir etiqueta
Sense etiquetes, Sigues el primer a etiquetar aquest registre!
|
MARC
| LEADER | 00000nam a2200000Ia 4500 | ||
|---|---|---|---|
| 008 | 170320b ||||| |||| 00| 0 spa d | ||
| 999 | |c 30877 |d 30877 | ||
| 020 | |a 9879065085 | ||
| 040 | |a cru BVZT | ||
| 090 | |a 100 R-7.1n | ||
| 100 | |a Rankin, William | ||
| 130 | |a Documentales ilustrados |p 6 | ||
| 245 | |a Newton para principiantes |c William Ranking ; Leandro Wolfson, traductor | ||
| 260 | |a Buenos Aires, Argentina |b Era Naciente |c 1995 | ||
| 300 | |a 174 páginas |b il. | ||
| 650 | |a FILOSOFÍA |9 5 | ||
| 650 | |a CIENTÍFICO | ||
| 650 | |a TEORÍA | ||
| 942 | |c 15 D |h 100 R-7.1n |2 z | ||



